Main problems of students research work; Лингвистика и межкультурная коммуникация: теоретические и методологические проблемы современного образования

מידע ביבליוגרפי
Parent link:Лингвистика и межкультурная коммуникация: теоретические и методологические проблемы современного образования.— 2014.— [С. 68-69]
מחבר ראשי: Kalashnikova D. A.
סיכום:Заглавие с экрана
שפה:אנגלית
יצא לאור: 2014
סדרה:Проблемы и перспективы инженерного образования в России и за рубежом
נושאים:
גישה מקוונת:http://earchive.tpu.ru/handle/11683/21338
http://www.lib.tpu.ru/fulltext/c/2014/C78/028.pdf
פורמט: MixedMaterials אלקטרוני Book Chapter
KOHA link:https://koha.lib.tpu.ru/cgi-bin/koha/opac-detail.pl?biblionumber=607864

MARC

LEADER 00000naa2a2200000 4500
001 607864
005 20260313160923.0
035 |a (RuTPU)RU\TPU\conf\5270 
035 |a RU\TPU\conf\5269 
090 |a 607864 
100 |a 20140903d2014 k||y0rusy50 ba 
101 0 |a eng 
102 |a RU 
135 |a drgn ---uucaa 
181 0 |a i  
182 0 |a b 
200 1 |a Main problems of students research work  |f D. A. Kalashnikova 
203 |a Текст  |c электронный 
215 |a 1 файл (49 Кб) 
225 1 |a Проблемы и перспективы инженерного образования в России и за рубежом 
300 |a Заглавие с экрана 
320 |a [Библиогр.: с. 69 (5 назв.)] 
337 |a Adobe Reader 
463 1 |0 (RuTPU)RU\TPU\conf\5123  |t Лингвистика и межкультурная коммуникация: теоретические и методологические проблемы современного образования  |o сборник трудов II Российской научно-практический конференции с международным участием, г. Томск, 14-16 мая 2014 г.  |f Национальный исследовательский Томский политехнический университет (ТПУ)  |v [С. 68-69]  |d 2014 
610 1 |a электронный ресурс 
610 1 |a труды учёных ТПУ 
610 1 |a проблемы 
610 1 |a студенты 
610 1 |a исследовательские работы 
610 1 |a образование 
610 1 |a научно-исследовательские работы 
700 1 |a Kalashnikova  |b D. A. 
801 1 |a RU  |b 63413507  |c 20101016 
801 2 |a RU  |b 63413507  |c 20220211  |g RCR 
856 4 |u http://earchive.tpu.ru/handle/11683/21338 
856 4 |u http://www.lib.tpu.ru/fulltext/c/2014/C78/028.pdf 
942 |c BK